Retail 2020 (Record no. 115722)

MARC details
000 -LEADER
fixed length control field 01276cam a22002175a 4500
001 - CONTROL NUMBER
control field L159180
008 - FIXED-LENGTH DATA ELEMENTS--GENERAL INFORMATION
fixed length control field 160304s2016 xxk f 000 0 eng d
020 ## - INTERNATIONAL STANDARD BOOK NUMBER
International Standard Book Number 9781784900304
035 ## - SYSTEM CONTROL NUMBER
System control number (Sirsi) u159180
041 0# - LANGUAGE CODE
Language code of text/sound track or separate title eng
110 2# - MAIN ENTRY--CORPORATE NAME
Corporate name or jurisdiction name as entry element British Retail Consortium
9 (RLIN) 1582
245 00 - TITLE STATEMENT
Title Retail 2020
Remainder of title Fewer but better jobs
Medium [electronic resource]
260 ## - PUBLICATION, DISTRIBUTION, ETC.
Place of publication, distribution, etc. London
Name of publisher, distributor, etc. BRC
Date of publication, distribution, etc. 2016
520 ## - SUMMARY, ETC.
Summary, etc. First in a series of three reports looking at the future of the retail industry in the UK. Identifies a number of factors which will have an impact on the retail sector including the introduction of the National Living Wage and the apprenticeship levy, growth in online shopping and automation. Predicts that there will be a reduction in the number of people employed in the sector which is currently the largest employee in the private sector. Calls for a review of business rates to help the sector. Concludes there will be fewer jobs but better quality positions in terms of reward and conditions of employment.
590 ## - LOCAL NOTE (RLIN)
Local note KA
650 24 - SUBJECT ADDED ENTRY--TOPICAL TERM
Topical term or geographic name entry element RETAIL
651 #4 - SUBJECT ADDED ENTRY--GEOGRAPHIC NAME
Geographic name United Kingdom
Chronological subdivision
690 ## - LOCAL SUBJECT ADDED ENTRY--TOPICAL TERM (OCLC, RLIN)
Topical term or geographic name as entry element Commercial property
9 (RLIN) 6227
856 40 - ELECTRONIC LOCATION AND ACCESS
Uniform Resource Identifier <a href="https://brc.org.uk/making-a-difference/priorities/retail-2020">https://brc.org.uk/making-a-difference/priorities/retail-2020</a>
Public note View the item free of charge from the www.brc.org.uk website.
942 ## - ADDED ENTRY ELEMENTS (KOHA)
Suppress in OPAC 0
Holdings
Withdrawn status Lost status Source of classification or shelving scheme Damaged status Not for loan Home library Current library Shelving location Date acquired Total Checkouts Full call number Barcode Date last seen Copy number Price effective from Koha item type
    Dewey Decimal Classification     Virtual Virtual Online 04/03/2016   ONLINE PUBLICATION 159180-2001 06/08/2019 1 06/08/2019 Book